Μετρήσεις της κατά μέγεθος κατανομής της αριθμητικής συγκέντρωσης αιωρούμενων νανο-σωματιδίων στην περιοχή της Θεσσαλονίκης : διατριβή

Αποθηκεύτηκε σε:
Λεπτομέρειες βιβλιογραφικής εγγραφής
Κύριος συγγραφέας: Σιακαβάρας, Δημήτριος
Συγγραφή απο Οργανισμό/Αρχή: Πανεπιστήμιο Αιγαίου Σχολή Περιβάλλοντος Τμήμα Περιβάλλοντος Πρόγραμμα Μεταπτυχιακών Σπουδών Περιβαλλοντική Πολιτική και Διαχείριση
Άλλοι συγγραφείς: Πηλίνης, Χριστόδουλος (Εισηγητής διατριβής)
Μορφή: Thesis Βιβλίο
Γλώσσα:Greek
Δημοσίευση: 2009
Θέματα:
Διαθέσιμο Online:http://hdl.handle.net/11610/14985
Ετικέτες: Προσθήκη ετικέτας
Δεν υπάρχουν, Καταχωρήστε ετικέτα πρώτοι!

MARC

LEADER 00000cam a2200000 i 4500
001 1/8340
008 100611s2009 gre d
035 |l 10108216 
040 |a GR-MY-UA  |b gre  |e aacr 
041 0 |a gre 
082 0 |a 628.53  |2 (22) 
100 1 |a Σιακαβάρας, Δημήτριος. 
245 1 0 |a Μετρήσεις της κατά μέγεθος κατανομής της αριθμητικής συγκέντρωσης αιωρούμενων νανο-σωματιδίων στην περιοχή της Θεσσαλονίκης :  |b διατριβή /  |c Σιακαβάρας Δημήτριος ; επιβλέπων καθηγητής: Πηλίνης Χριστόδουλος 
260 |c 2009 
300 |a 77 σ.;  |b εικ., πιν.;  |c 30 εκ. 
500 |a Βιβλιογραφία: σ. 74-77 
502 |a Διατριβή (μεταπτυχιακή) – Πανεπιστήμιο Αιγαίου, Λέσβος, 2009. 
650 0 0 |a Air  |x Pollution  |z Greece  |z Thessalonike  |x Measurement. 
650 0 0 |a Atmospheric aerosols  |z Greece  |z Thessalonike. 
650 0 0 |a Dissertations, Academic  |z Greece. 
700 1 |a Πηλίνης, Χριστόδουλος.  |4 ths 
710 2 |a Πανεπιστήμιο Αιγαίου  |b Σχολή Περιβάλλοντος  |b Τμήμα Περιβάλλοντος  |b Πρόγραμμα Μεταπτυχιακών Σπουδών Περιβαλλοντική Πολιτική και Διαχείριση. 
852 |a INST  |b LESVOS  |c DIATR  |e 20100611  |h 621  |p 005100047732  |q 005100047732  |t MTXE  |y 23 
852 |a INST  |b LESVOS  |c DIATR  |e 20100611  |h 622  |p 005100047733  |q 005100047733  |t MTXE  |y 23 
856 |u http://hdl.handle.net/11610/14985 
901 |a BIBL1-2010-2 
909 |a Λ  |b 164709 
909 |a Λ  |b 164708 
924 |a ΣΙΑΚΑΒΑΡΑΣ  |b ΔΗΜΗΤΡΗΙΟΣ  |y ΛΕΣΒΟΣ  |z 2009-01 
970 |a ΤΖΑΦΕΡΗ  |b ΕΥΑΓΓΕΛΙΑ  |z 2010/06/11